|
|
|
|
| LEADER |
00896nam a2200217 a 4500 |
| 001 |
00025580 |
| 008 |
120712s1998 nau b 001 0 eng d |
| 020 |
|
|
|a 1887744088
|
| 040 |
|
|
|a BD-DhAAL
|c BD-DhAAL
|
| 082 |
0 |
0 |
|a 428.6/4
|2 22
|
| 100 |
1 |
|
|a Claire, Elizabeth
|
| 245 |
1 |
0 |
|a Dangerous English 2000! :
|b an indispensable guide for language learners and others /
|c Elizabeth Claire
|
| 250 |
|
|
|a 3rd ed.
|
| 260 |
|
|
|a McHenry, IL :
|b Delta Pub.,
|c 1998.
|
| 300 |
|
|
|a viii, 202 p. :
|b ill. ;
|c 22 cm.
|
| 504 |
|
|
|a Includes bibliographical references (p. 201-202)and index.
|
| 541 |
|
|
|a 00025580
|
| 650 |
|
0 |
|a English language
|x Textbooks for foreign speakers.
|
| 852 |
1 |
|
|a Ayesha Abed Library
|j General shelf
|
| 999 |
|
|
|c 12568
|d 12568
|
| 952 |
|
|
|0 0
|1 0
|4 0
|6 428_640000000000000_CLA
|7 0
|9 20734
|a BRACUL
|b BRACUL
|c GEN
|d 2012-07-12
|e Amazon.com
|g 0.61
|l 1
|m 13
|o 428.64 CLA
|p 3010025580
|r 2013-09-02
|s 2013-06-03
|t 1
|w 2012-07-16
|y BK
|